| 000 | 01840cam a22002775a 4500 | ||
|---|---|---|---|
| 008 | 170913s2023 xxk fo 000 0 eng d | ||
| 020 | _a9781783211920 | ||
| 041 | 0 | _aeng | |
| 110 | 2 |
_aRoyal Institution of Chartered Surveyors _94900 |
|
| 245 | 0 | 4 |
_aThe contractor's basis of valuation for rating purposes _h[electronic resource] _c[revised edition] |
| 250 | _a2nd ed. version 2 | ||
| 260 |
_aLondon, _bRICS, _c2023 |
||
| 300 |
_a31p. _c30cm. |
||
| 490 | 0 | _aRICS Professional Standard | |
| 520 | _aEffective from 1 August 2017 to September 2023 | ||
| 520 | _aReplaces the August 2017 version (note not a totally new edition and retains the same ISBN) includes some minor amendments from the 2017 version, such as removing the examples previously contained at 1.3, and revisions to appendices A and B to include updated decapitalisation rates and case law references respectively. | ||
| 520 | _aAids the understanding of the Contractor?s Basis for the general rating practitioner while providing a common framework of the basis for the more experienced practitioner. The Contractor?s Basis of valuation for rating purposes covers scope and application, the approach to valuation, stages of the valuation approach, and material change of circumstances. | ||
| 520 | _aSupersedes 1st edition and original 2017 2nd edition. | ||
| 650 | 2 | 4 | _aRATING VALUATION |
| 651 | 4 |
_aEngland and Wales _y1543- |
|
| 690 | _aPROPERTY-PROPERTY APPRAISAL AND VALUATION-TAXATION VALUATION | ||
| 710 | 2 |
_aJoint Professional Institutions' Rating Valuation Forum _9972 |
|
| 710 | 2 |
_aJoint Professional Institutions' Rating Valuation Forum _9972 |
|
| 856 | 4 | 1 |
_uhttps://www.rics.org/content/dam/ricsglobal/documents/standards/Contractors%20basis%20of%20valuation%20for%20rating%20purposes_September%202023.pdf _zAvailable on RICS.org |
| 942 |
_n0 _2ddc |
||
| 999 |
_c121663 _d121663 |
||